Một thời đại trong thi ca Về phong trào thơ mới 1932 - 1945
Đánh giá những thành tựu, đặc điểm của phong trào thơ mới: tình yêu quê hương, thiên nhiên, giá trị nhân bản... và một số tác giả tiêu biểu như : Chế Lan Viên, Hàn Mạc Tử, Nguyễn Bính, Tế Hanh.
Đã lưu trong:
| Tác giả chính: | |
|---|---|
| Định dạng: | Sách |
| Năm xuất bản: |
H.
Khoa học xã hội
1997
|
| Chủ đề: | |
| Tags: |
Thêm thẻ
Không có thẻ, Hãy là người đầu tiên gắn thẻ bản ghi này!
|
| LEADER | 01093nam a2200193 4500 | ||
|---|---|---|---|
| 082 | |a 895.9221009 |b H100M | ||
| 100 | |a Hà Minh Đức | ||
| 245 | |a Một thời đại trong thi ca |c Hà Minh Đức |b Về phong trào thơ mới 1932 - 1945 | ||
| 260 | |a H. |b Khoa học xã hội |c 1997 | ||
| 300 | |a 291 tr. |c 19 cm. | ||
| 520 | |a Đánh giá những thành tựu, đặc điểm của phong trào thơ mới: tình yêu quê hương, thiên nhiên, giá trị nhân bản... và một số tác giả tiêu biểu như : Chế Lan Viên, Hàn Mạc Tử, Nguyễn Bính, Tế Hanh. | ||
| 653 | |a Văn học hiện đại | ||
| 653 | |a Thế kỷ 20 | ||
| 653 | |a Việt Nam | ||
| 653 | |a Phê bình văn học | ||
| 942 | |2 ddc |c STK0 | ||
| 999 | |c 2617 |d 2617 | ||
| 952 | |0 0 |1 0 |2 ddc |4 0 |6 895_922100900000000_H100M |7 1 |8 800 |9 32433 |a qbu |b qbu |c D5 |d 2014-12-14 |g 27000 |l 2 |o 895.9221009 H100M |p 3593.c1 |r 2017-01-20 |s 2017-01-11 |w 2014-12-14 |y STK0 | ||
| 952 | |0 0 |1 0 |2 ddc |4 0 |6 895_922100900000000_H100M |7 0 |8 800 |9 32434 |a qbu |b qbu |c D5 |d 2014-12-14 |g 27000 |l 2 |m 1 |o 895.9221009 H100M |p 3593.c2 |r 2016-12-14 |s 2016-12-02 |w 2014-12-14 |y STK0 | ||